Knowledge management in knowledge service networks

Uložené v:
Podrobná bibliografia
Hlavný autor: Lesáková, Dagmar, 1949-
Médium: Kapitola
Jazyk:English
Tagy: Pridať tag
Žiadne tagy, Buďte prvý, kto otaguje tento záznam!

MARC

LEADER 00000nla a2200000 4500
001 0183274
005 20240502083430.8
041 0 |a eng 
044 |a HR 
245 1 0 |a Knowledge management in knowledge service networks  |c Dagmar Lesáková 
500 |a Abstrakt 
100 1 |a Lesáková, Dagmar, 1949-